00195nam a22000857a 4500020001500000100002000015245003100035260003200066300001100098 a0439893348 akatharine Kenah aBest Seat In Second Grade aNew York bScholasticc2005 a48 pgs